000 00240nam a22001097a 4500
999 _c12870
_d12870
082 _a297.61
100 _aSadiq Hussain Siddiqui
245 _aMuhammad Bin Qasim
260 _aPakistan
_bKitab Mela
_c2018
300 _a328 pages
942 _cBK